Agroindustria del maní 1937-1967. Análisis sobre surgimiento, constitución y desarrollo del sistema agroindustrial /
El trabajo se refiere a una de las agroindustrias más importantes y antiguas de Republica Dominicana, que se dedica a la elaboración de aceites comestibles a partir de productos agrícolas como el maní o cacahuete. En el trabajo se refiere al contexto político: la dictadura, en que surge la agroindus...
Sparad:
| Huvudupphovsman: | |
|---|---|
| Materialtyp: | Lärdomsprov |
| Publicerad: |
México, D.F.:
FLACSO. Sede México
|
| Ämnen: | |
| Taggar: |
Lägg till en tagg
Inga taggar, Lägg till första taggen!
|
MARC
| LEADER | 00000 a a2200000 04500 | ||
|---|---|---|---|
| 001 | 13835 | ||
| 003 | |||
| 040 | |a CRAI/IIS |c CRAI/IIS | ||
| 090 | |a EXTRAVIADO | ||
| 100 | |a Alfonseca G., Juan | ||
| 245 | |a Agroindustria del maní 1937-1967. Análisis sobre surgimiento, constitución y desarrollo del sistema agroindustrial / |c Juan Alfonseca G. | ||
| 260 | |a México, D.F.: |b FLACSO. Sede México | ||
| 300 | |a 125 ps. | ||
| 502 | |a Tesis (Maestría) -- Facultad Latinoamericana de Ciencias Sociales. Sede México, 1985 | ||
| 520 | |a El trabajo se refiere a una de las agroindustrias más importantes y antiguas de Republica Dominicana, que se dedica a la elaboración de aceites comestibles a partir de productos agrícolas como el maní o cacahuete. En el trabajo se refiere al contexto político: la dictadura, en que surge la agroindustria, su desarrollo en que se distinguen tres etapas: -surgimiento de la agroindustria en un período de crecimiento relativamente lento (1937-1948), el desarrollo sostenido de la actividad (1949-1961) y -el surgimiento de nuevas tendencias dentro de la agroindustria (1962-1967). También se analiza el papel desempeñado por el estado a lo largo del período en que se desarrolla esta actividad. RCh/mb | ||
| 650 | |a AGROINDUSTRIA | ||
| 650 | |a MANI | ||
| 650 | |a ESTRUCTURA ECONOMICA | ||
| 650 | |a SOCIEDAD | ||
| 650 | |a IMPERIALISMO | ||
| 650 | |a INDUSTRIALIZACION | ||
| 650 | |a EXTENSION INDUSTRIAL | ||
| 999 | |c 17964 |d 17964 | ||
